000 00263nam a2200109Ia 4500
008 200302s9999 xx 000 0 und d
100 _aHugh Pearman
245 _aContemporary World Architcture
260 _bPhaidon Perss Ltd.
260 _c1998
300 _a511 P.,
999 _c1770
_d1770